00643nam a22001937a 450000500170000001000150001702000260003202000230005803500130008103700130009408200120010710000260011924501010014525000110024626000450025727000630030230000340036550000500039920130506110002.0 aENG-106975 a9780198077411c450.00 a0198077416c450.00 aEN-90508 bDBAD/PUB a954.0291 aAlam, Muzaffard1947-10aThe crisis of empire in Mughal North India :cby Muzaffar AlambAwadh and the Punjab 1707-1748 / a2nd ed aNew DelhibOxford University Pressc2013 aYMCA Library Building, 1 Jai Singh RoadbNew Delhie110001 axviii,382p.:c22cm(pbk)bmaps aIncludes bibliographical references and index